<?xml version="1.0" encoding="UTF-8"?>
<collection xmlns="http://www.loc.gov/MARC21/slim">
 <record>
  <leader>03451cam a2200733   4500</leader>
  <controlfield tag="001">040365263</controlfield>
  <controlfield tag="003">DE-627</controlfield>
  <controlfield tag="005">20240831110305.0</controlfield>
  <controlfield tag="007">tu</controlfield>
  <controlfield tag="008">950805s1982    gw ||||| m    00| ||ger c</controlfield>
  <datafield tag="010" ind1=" " ind2=" ">
   <subfield code="a">   83147241 </subfield>
  </datafield>
  <datafield tag="015" ind1=" " ind2=" ">
   <subfield code="a">82,N14,0266</subfield>
   <subfield code="2">dnb</subfield>
  </datafield>
  <datafield tag="015" ind1=" " ind2=" ">
   <subfield code="a">82,A39,0664</subfield>
   <subfield code="2">dnb</subfield>
  </datafield>
  <datafield tag="016" ind1="7" ind2=" ">
   <subfield code="a">820403822</subfield>
   <subfield code="2">DE-101</subfield>
  </datafield>
  <datafield tag="020" ind1=" " ind2=" ">
   <subfield code="a">3786113114</subfield>
   <subfield code="9">3-7861-1311-4</subfield>
  </datafield>
  <datafield tag="035" ind1=" " ind2=" ">
   <subfield code="a">(DE-627)040365263</subfield>
  </datafield>
  <datafield tag="035" ind1=" " ind2=" ">
   <subfield code="a">(DE-576)017269016</subfield>
  </datafield>
  <datafield tag="035" ind1=" " ind2=" ">
   <subfield code="a">(DE-599)GBV040365263</subfield>
  </datafield>
  <datafield tag="035" ind1=" " ind2=" ">
   <subfield code="a">(OCoLC)8875236</subfield>
  </datafield>
  <datafield tag="035" ind1=" " ind2=" ">
   <subfield code="a">(OCoLC)08875236</subfield>
  </datafield>
  <datafield tag="035" ind1=" " ind2=" ">
   <subfield code="a">(OCoLC)1078730413</subfield>
  </datafield>
  <datafield tag="040" ind1=" " ind2=" ">
   <subfield code="a">DE-627</subfield>
   <subfield code="b">ger</subfield>
   <subfield code="c">DE-627</subfield>
   <subfield code="e">rakwb</subfield>
  </datafield>
  <datafield tag="041" ind1=" " ind2=" ">
   <subfield code="a">ger</subfield>
  </datafield>
  <datafield tag="044" ind1=" " ind2=" ">
   <subfield code="c">XA-DE</subfield>
  </datafield>
  <datafield tag="050" ind1=" " ind2="0">
   <subfield code="a">ND3147</subfield>
  </datafield>
  <datafield tag="082" ind1="0" ind2=" ">
   <subfield code="a">745.6/7/0944</subfield>
   <subfield code="q">LOC</subfield>
   <subfield code="2">19</subfield>
  </datafield>
  <datafield tag="084" ind1=" " ind2=" ">
   <subfield code="a">46</subfield>
   <subfield code="a">09</subfield>
   <subfield code="2">sdnb</subfield>
  </datafield>
  <datafield tag="084" ind1=" " ind2=" ">
   <subfield code="a">9,10</subfield>
   <subfield code="2">ssgn</subfield>
  </datafield>
  <datafield tag="084" ind1=" " ind2=" ">
   <subfield code="a">LM 86150</subfield>
   <subfield code="2">rvk</subfield>
   <subfield code="0">(DE-625)rvk/101598:</subfield>
  </datafield>
  <datafield tag="084" ind1=" " ind2=" ">
   <subfield code="a">AM 57350</subfield>
   <subfield code="2">rvk</subfield>
   <subfield code="0">(DE-625)rvk/4381:1800</subfield>
  </datafield>
  <datafield tag="084" ind1=" " ind2=" ">
   <subfield code="a">06.19</subfield>
   <subfield code="2">bkl</subfield>
  </datafield>
  <datafield tag="084" ind1=" " ind2=" ">
   <subfield code="a">06.22</subfield>
   <subfield code="2">bkl</subfield>
  </datafield>
  <datafield tag="100" ind1="1" ind2=" ">
   <subfield code="a">König, Eberhard</subfield>
   <subfield code="d">1947-</subfield>
   <subfield code="0">(DE-588)120348241</subfield>
   <subfield code="0">(DE-627)080618588</subfield>
   <subfield code="0">(DE-576)267939507</subfield>
   <subfield code="4">aut</subfield>
  </datafield>
  <datafield tag="245" ind1="1" ind2="0">
   <subfield code="a">Französische Buchmalerei um 1450</subfield>
   <subfield code="b">der Jouvenel-Maler, der Maler des Genfer Boccaccio und die Anfänge Jean Fouquets</subfield>
   <subfield code="c">Eberhard König</subfield>
  </datafield>
  <datafield tag="246" ind1="3" ind2="0">
   <subfield code="a">vierzehnhundertfünfzig</subfield>
  </datafield>
  <datafield tag="264" ind1=" " ind2="1">
   <subfield code="a">Berlin [West]</subfield>
   <subfield code="b">Mann</subfield>
   <subfield code="c">1982</subfield>
  </datafield>
  <datafield tag="300" ind1=" " ind2=" ">
   <subfield code="a">278, 168 S.</subfield>
   <subfield code="b">zahlr. Ill., graph. Darst</subfield>
  </datafield>
  <datafield tag="336" ind1=" " ind2=" ">
   <subfield code="a">Text</subfield>
   <subfield code="b">txt</subfield>
   <subfield code="2">rdacontent</subfield>
  </datafield>
  <datafield tag="337" ind1=" " ind2=" ">
   <subfield code="a">ohne Hilfsmittel zu benutzen</subfield>
   <subfield code="b">n</subfield>
   <subfield code="2">rdamedia</subfield>
  </datafield>
  <datafield tag="338" ind1=" " ind2=" ">
   <subfield code="a">Band</subfield>
   <subfield code="b">nc</subfield>
   <subfield code="2">rdacarrier</subfield>
  </datafield>
  <datafield tag="502" ind1=" " ind2=" ">
   <subfield code="a">Zugl.: Bonn, Univ., Diss., 1975 u.d.T.: König, Eberhard: Der Jouvenel-Maler, der Maler des Genfer Boccaccio und die Anfänge Jean Fouquets</subfield>
  </datafield>
  <datafield tag="583" ind1="1" ind2=" ">
   <subfield code="a">Massenentsäuert</subfield>
   <subfield code="c">2017</subfield>
   <subfield code="k">DE-18</subfield>
   <subfield code="2">pdager</subfield>
   <subfield code="5">DE-18-308</subfield>
  </datafield>
  <datafield tag="583" ind1="1" ind2=" ">
   <subfield code="a">Archivierung/Langzeitarchivierung gewährleistet</subfield>
   <subfield code="f">SSG</subfield>
   <subfield code="x">XA-DE-BW</subfield>
   <subfield code="2">pdager</subfield>
   <subfield code="5">DE-16</subfield>
  </datafield>
  <datafield tag="650" ind1=" " ind2="0">
   <subfield code="a">Illumination of books and manuscripts, French</subfield>
  </datafield>
  <datafield tag="650" ind1=" " ind2="0">
   <subfield code="a">Illumination of books and manuscripts, Medieval</subfield>
   <subfield code="z">France</subfield>
  </datafield>
  <datafield tag="655" ind1=" " ind2="7">
   <subfield code="a">Hochschulschrift</subfield>
   <subfield code="0">(DE-588)4113937-9</subfield>
   <subfield code="0">(DE-627)105825778</subfield>
   <subfield code="0">(DE-576)209480580</subfield>
   <subfield code="2">gnd-content</subfield>
  </datafield>
  <datafield tag="689" ind1="0" ind2="0">
   <subfield code="d">g</subfield>
   <subfield code="0">(DE-588)4018145-5</subfield>
   <subfield code="0">(DE-627)106327232</subfield>
   <subfield code="0">(DE-576)208922857</subfield>
   <subfield code="a">Frankreich</subfield>
   <subfield code="2">gnd</subfield>
  </datafield>
  <datafield tag="689" ind1="0" ind2="1">
   <subfield code="d">s</subfield>
   <subfield code="0">(DE-588)4008650-1</subfield>
   <subfield code="0">(DE-627)104318244</subfield>
   <subfield code="0">(DE-576)208877517</subfield>
   <subfield code="a">Buchmalerei</subfield>
   <subfield code="2">gnd</subfield>
  </datafield>
  <datafield tag="689" ind1="0" ind2="2">
   <subfield code="a">z</subfield>
   <subfield code="2">gnd</subfield>
   <subfield code="a">Geschichte 1440-1460</subfield>
  </datafield>
  <datafield tag="689" ind1="0" ind2=" ">
   <subfield code="5">(DE-627)</subfield>
  </datafield>
  <datafield tag="751" ind1=" " ind2=" ">
   <subfield code="a">Bonn</subfield>
   <subfield code="0">(DE-588)4007666-0</subfield>
   <subfield code="0">(DE-627)106372270</subfield>
   <subfield code="0">(DE-576)208871632</subfield>
   <subfield code="4">uvp</subfield>
  </datafield>
  <datafield tag="787" ind1="0" ind2="8">
   <subfield code="i">Rezensiert in</subfield>
   <subfield code="a">Boon, Karel G., 1909 - 1996</subfield>
   <subfield code="t">[Rezension von: Eberhard König, Französische Buchmalerei um 1450]</subfield>
   <subfield code="d">1983</subfield>
   <subfield code="w">(DE-627)1853483699</subfield>
  </datafield>
  <datafield tag="889" ind1=" " ind2=" ">
   <subfield code="w">(DE-627)027329143</subfield>
  </datafield>
  <datafield tag="935" ind1=" " ind2=" ">
   <subfield code="i">Blocktest</subfield>
  </datafield>
  <datafield tag="936" ind1="r" ind2="v">
   <subfield code="a">LM 86150</subfield>
   <subfield code="b">gotisch</subfield>
   <subfield code="k">Kunstgeschichte</subfield>
   <subfield code="k">Kunst nach Ländern bzw. Kontinenten</subfield>
   <subfield code="k">Frankreich</subfield>
   <subfield code="k">Französische Kunstgeschichte nach Gattungen</subfield>
   <subfield code="k">Buchmalerei</subfield>
   <subfield code="k">Ordnung nach Epochen</subfield>
   <subfield code="k">gotisch</subfield>
   <subfield code="0">(DE-627)1270881078</subfield>
   <subfield code="0">(DE-625)rvk/101598:</subfield>
   <subfield code="0">(DE-576)200881078</subfield>
  </datafield>
  <datafield tag="936" ind1="r" ind2="v">
   <subfield code="a">AM 57350</subfield>
   <subfield code="b">Frankreich, Französisches Sprachgebiet</subfield>
   <subfield code="k">Allgemeines</subfield>
   <subfield code="k">Schrift und Handschriftenkunde. Schriftarten und Schreiben</subfield>
   <subfield code="k">Handschriftenkunde</subfield>
   <subfield code="k">Geschichte der Buchmalerei</subfield>
   <subfield code="k">Buchmalerei einzelner Länder</subfield>
   <subfield code="k">Europa</subfield>
   <subfield code="k">Westeuropa</subfield>
   <subfield code="k">Frankreich, Französisches Sprachgebiet</subfield>
   <subfield code="0">(DE-627)1272013529</subfield>
   <subfield code="0">(DE-625)rvk/4381:1800</subfield>
   <subfield code="0">(DE-576)202013529</subfield>
  </datafield>
  <datafield tag="936" ind1="b" ind2="k">
   <subfield code="a">06.19</subfield>
   <subfield code="j">Handschriftenkunde: Sonstiges</subfield>
   <subfield code="0">(DE-627)106403389</subfield>
  </datafield>
  <datafield tag="936" ind1="b" ind2="k">
   <subfield code="a">06.22</subfield>
   <subfield code="j">Buchgestaltung</subfield>
   <subfield code="0">(DE-627)106403591</subfield>
  </datafield>
  <datafield tag="951" ind1=" " ind2=" ">
   <subfield code="a">BO</subfield>
  </datafield>
  <datafield tag="990" ind1=" " ind2=" ">
   <subfield code="a">Frankreich</subfield>
  </datafield>
  <datafield tag="990" ind1=" " ind2=" ">
   <subfield code="a">Buchmalerei</subfield>
  </datafield>
  <datafield tag="990" ind1=" " ind2=" ">
   <subfield code="a">Geschichte 1440-1460</subfield>
  </datafield>
  <datafield tag="991" ind1=" " ind2=" ">
   <subfield code="a">Rezensiertes Werk</subfield>
  </datafield>
  <datafield tag="999" ind1=" " ind2=" ">
   <subfield code="a">KXP-PPN040365263</subfield>
   <subfield code="e">4371554199</subfield>
  </datafield>
 </record>
</collection>
